000 00716cab a2200241 4500
001 WB3209-56
008 090401t1996 xxu||||| |||| 00| 0 eng d
035 _a(Sirsi) u40415
041 _aeng
245 _aEnergy crop marketing
260 _c1996
350 _a0
490 _aFarmers' Weekly
_v124(8) 23 February 1996, 48(1)
520 _aTwo conferences on alternative crops for energy production highlight the need to raise public and commercial awareness of energy crops.
650 _aALTERNATIVE FUELS
650 _aBIOMASS
650 _aENERGY CROPS
650 _aNON FOSSIL FUEL OBLIGATION
650 _aRENEWABLE RESOURCES
690 _aRURAL PRACTICE
942 _n0
948 _c04/03/1997
999 _c25901
_d25901